|
|
|
|
| LEADER |
00863nab a2200193 i 4500 |
| 001 |
misc43313 |
| 005 |
20191106141322.0 |
| 008 |
180823s1992 hu o 0|| zxx d |
| 022 |
|
|
|a 1215-5233
|
| 040 |
|
|
|a SZTE Miscellanea Repozitórium
|b hun
|
| 041 |
|
|
|a zxx
|
| 100 |
1 |
|
|a Réthy Endréné
|
| 245 |
1 |
0 |
|a Könyvismertetés
|h [elektronikus dokumentum] :
|b Jürgen Fritz (Hrsg.) Harci játékokra programozva. A videojáték világképe és képvilága. Campus Verlag Bonn 1988. 327. o. : [könyvismertetés] /
|c Réthy Endréné
|
| 260 |
|
|
|c 1992
|
| 300 |
|
|
|a 155-157
|
| 490 |
0 |
|
|a Iskolakultúra
|v 2 No. 11-12
|
| 695 |
|
|
|a Számítógépes kultúra - könyvismertetés, Videójáték - könyvismertetés, Játékok - könyvismertetés
|
| 700 |
0 |
1 |
|a Fritz Jürgen
|
| 856 |
4 |
0 |
|u http://misc.bibl.u-szeged.hu/43313/1/iskolakultura_1992_011_012_155-157.pdf
|z Dokumentum-elérés
|